000 00754nam a2200217 i 4500
001 27197
003 ES-MaACL
005 20250630133624.0
007 t|
008 030113s1927 sp ||||1| spa d
080 _a821.134.2-94"19"
100 1 _aAzaña, Manuel,
_d1880-1940
_924223
245 1 3 _aEl jardín de los frailes /
_cpor Manuel Azaña.
260 _aMadrid :
_b[C.I.A.P.,
_c1927] (
_fComp. Gral. de Artes Gráficas)
300 _a262 p. ;
_c19 cm.
530 _aDisponible en formato digital.
852 4 _aES-MaACL
_jF-14539
_cSPD2
856 4 _uhttp://bdh-rd.bne.es/viewer.vm?id=0000256723&page=1
_yBiblioteca Digital Hispánica
_x(Ejemplar edición por Imprenta Sáez Hermanos)
942 _2udc
999 _c27197
_d27197